000 00297nam a22001337a 4500
008 171027b xxu||||| |||| 00| 0 eng d
020 _a9780130132970
041 _aeng
080 _24 ED
_a33
100 _a52
101 _aECO
245 _aECONOMETRIC ANALYSIS
_cGREENE.W.H
942 _2udc
_cBK
999 _c35999
_d35999